| 000 | 01096nam a22002777a 4500 | ||
|---|---|---|---|
| 999 |
_c63412 _d63412 |
||
| 005 | 20240530110639.0 | ||
| 008 | 171008s2016 ua g b 000 0 ara d | ||
| 017 |
_a2015/9990 _bمصر. دار الكتب |
||
| 020 | _a9789777352758 | ||
| 040 |
_aEG-CaGPL _cEG-CaGPL |
||
| 082 | 0 | 4 |
_221 _a020\ _bو م |
| 100 | 0 | _aوائل رفعت على محمد . | |
| 245 | 1 | 2 |
_aالمعطيات العصرية و تقييم دور المكتبات / _cوائل رفعت على محمد . |
| 250 | _aط.1 | ||
| 260 |
_aالاسكندرية : _bدار الوفاء لدنيا الطباعة و النشر ، _c2016 . |
||
| 300 |
_a687 ص ؛ _c24 سم . |
||
| 504 | _aببليوجرافية : 679 - 683 | ||
| 650 | 0 | 7 |
_2qrmak _aالمكتبات ، علم |
| 650 | 0 | 7 |
_2qrmak _aالمكتبات الالكترونية |
| 650 | 0 | 7 |
_2qrmak _aالمكتبات الرقمية |
| 650 | 0 | 7 |
_2qrmak _aالمكتبات العامة |
| 650 | 0 | 7 |
_2qrmak _aخدمات المعلومات |
| 650 | 0 | 7 |
_2qrmak _aمصادر المعلومات |
| 942 |
_2ddc _cBK |
||